000 00312nam a22001337a 4500
008 170914b xxu||||| |||| 00| 0 eng d
020 _a2900240802038
041 _aeng
080 _a77
100 _a44
101 _aART
245 _aZONE SYSTEM FOR 35 MM PHOTOGRAPHERS
_cGRAVES.C
942 _2udc
_cBK
999 _c27728
_d27728